| 000 | 01376 a2200277 4500 | ||
|---|---|---|---|
| 001 | 45489 | ||
| 005 | 20260407155727.0 | ||
| 008 | 260407a2006 arg spa d | ||
| 003 | AR-UNSa-BCEJYS | ||
| 040 |
_aAR-UNSa-BCEJYS _bspa _cAR-UNSa-BCEJYS |
||
| 080 |
_a338.124 _xRetroceso de la actividad económica. Contracción económica (Pobreza...) |
||
| 245 | 1 | 0 |
_aPoverty reduction and growth _pvirtuous and vicious circles |
| 020 | _a978-0-8213-6511-3 | ||
| 264 | 1 |
_aWashington : _bThe World Bank _c2006 |
|
| 300 |
_axv, 221 p. _c28 cm. |
||
| 505 | _a1. From Vicious to Virtuous Circles – 2. Dimensions of Well-Being, Channels to Growth – 3. How Did We? – 4. The Relative Roles of Growth and Inequality for Poverty Reduction – 5. Pro-Poor Growth in Latin América – 6. Does Poverty Matter for Growth? – 7. Subnational Dimensions of Growth and Poverty? – 8. Microdeterminants of Incomes : Labor Markets, Poverty, and Traps? – 9. Breking the Cycle of Underinvestment in Human Capital in Latin America. | ||
| 041 | _aspa | ||
| 942 | _cBK | ||
| 590 | _aniveau_biblio:m niveau_hierar:0 | ||
| 100 | 1 | _aArias, Omar S. | |
| 700 | 1 | _aPerry, Guillermo E. | |
| 700 | 1 | _aLópez, J. Humberto | |
| 700 | 1 | _aMaloney, William F. | |
| 700 | 1 | _aServén, Luis | |
| 856 | 4 | 1 |
_uhttps://www.biblioeco.unsa.edu.ar/pmb/images/libros/L127122.jpg _yImagen de portada _qimage/jpeg |
| 999 |
_c3942 _d3942 |
||